LEADER 01137nam a2200241 4500 001 000000339778 003 CaOOAMICUS 005 20200311094050.0 008 200311s2017 gr a 000 u ita r 020 $a978-618-83400-1-5 040 $aSeMil$bita 100 01$aSofronij,$c.$0(OLS)http://semarc/name/65678 245 00$aEdificando il tempio di Dio in noi e nei nostri fratelli /$cArchimandrita Sofronio (Sakharov) 264 1$aKerasià, Monte Athos :$bSacro eremo dei Santi Apostoli,$c2017. 300 $a2 v. ;$c22 cm 774 0 $tVol. 1.$dKerasià, Monte Athos : Sacro eremo dei Santi Apostoli, 2017.$w()339779 774 0 $tVol. 2.$dKerasià, Monte Athos : Sacro eremo dei Santi Apostoli, 2017.$w()339780 900 11$aSakharov, Sergei Symeonovich. 996 $6020$a978-618-83400-1-5$9(OLS)http://semarc/number/290122 996 $6245$aEdificando il tempio di Dio in noi e nei nostri fratelli$9(OLS)http://semarc/title/428713 996 $6264$aKerasià, Monte Athos :$bSacro eremo dei Santi Apostoli$9(OLS)http://semarc/publisher/58904 LEADER 01032nam a2200229 i 4500 001 000000230499 003 CaOOAMICUS 005 20140610000000.0 008 140610s1959 it u000 u ita u 013 $a209401 040 $aSeMil$bita 245 10$aPlantae ad Linneanum opus addendae et secundum Linnaei systema noviter descriptae a patre f. Bernardino ab Ucria... /$cmoderante Francesco Carta. 260 $a[S.l. :$bs.n.],$c1959. 300 $a69 p. :$bill. ;$c21 cm. 500 $aCon dedica autografa dell'Autore. 650 4$aBotanica.$0(OLS)http://semarc/subject/4004 700 1 $aCarta, Francesco.$0(OLS)http://semarc/name/69790 850 $aSeMil 852 $aSeMil$W1$xVenegono$y1$m3GC III 91$j180845$B180845$CSeMilBibl$Z2$F192752 $8B 961 $aLascito: Colombo Card. Giovanni 996 $6245$aPlantae ad Linneanum opus addendae et secundum Linnaei systema noviter descriptae a patre f. Bernardino ab Ucria...$9(OLS)http://semarc/title/329310 996 $6260$a[S.l. :$bs.n.]$9(OLS)http://semarc/publisher/29751